000 00402nam a22001457a 4500
005 20260304113319.0
008 260304b |||||||| |||| 00| 0 eng d
020 _a0931464005
050 _aBS744 JEL
100 _aJellicoe, Sidney
245 _aThe Septuagint and Modern Study
_cSidney Jellicoe
260 _aWinona Lake, Indiana
_bEisenbrauns
_c1993
300 _axix, 423p.
_c22cm
942 _2lcc
_cBK
_n0
999 _c8861
_d8861